000
00310nam a2200121Ia 4500
005
20251222154312.0
008
251222s9999||||xx |||||||||||||| ||spa||
020
_a
9972-9426-0-0
082
_a
338.985.54/I49
100
_a
"Indacochea Cáceda, Alejandroy otros"
245
0
_a
Ayacucho competitivo
942
_c
LIB
999
_c
33441
_d
33441